| 000 | 01893cam a22004574i 4500 | ||
|---|---|---|---|
| 003 | PE-LiUPU | ||
| 005 | 20250731172746.0 | ||
| 008 | 150617s r 000 0 d | ||
| 020 | _a8471515342 | ||
| 035 | _a(Sirsi) i9788471515346 | ||
| 040 |
_aPE-LiUPU _bspa _cPE-LiUPU _erda |
||
| 049 | _aPRUA | ||
| 082 | 0 | 4 |
_a232 _bB29 _221 |
| 100 | 1 |
_aBeaude, Pierre-Marie, _eautor. |
|
| 245 | 1 | 0 |
_aJesús de Nazaret / _cPierre-Marie Beaude ; [traducción, Nicolás Darrical]. |
| 264 | 1 |
_aNavarra : _bEditorial Verbo Divino, _c1988. |
|
| 300 |
_a228 páginas ; _c24 centímetros. |
||
| 336 |
_atext _2rdacontent |
||
| 337 |
_aunmediated _2rdamedia |
||
| 338 |
_avolume _2rdacarrier |
||
| 505 | 0 | _aLas fuentes de una historia de Jesús -- Jesús en lahistoria de su tiempo -- Jesús el Galileo -- Las instituciones religiosas en tiempos de Jesús -- Los partidos religiosos en tiempos de Jesús -- Juan Bautista y Jesús -- Jesús y el reino de Dios -- La enseñanza de Jesús -- Jesús y la ley -- Jesús y los paganos -- Los milagros de Jesús -- Hijo del hombre e hijo de Dios -- La muerte de Jesús de Nazaret -- la infancia de Jesús -- Jesús y la historia. | |
| 526 | _aSEG42 | ||
| 526 | _aSEG41 | ||
| 526 | _aSEG40 | ||
| 526 | _aSEG39 | ||
| 526 | _aP94 | ||
| 526 | _aP87 | ||
| 526 | _aP86 | ||
| 526 | _aP85 | ||
| 526 | _aP77 | ||
| 526 | _aP76 | ||
| 526 | _aP35 | ||
| 600 | 1 | _aJesucristo | |
| 910 |
_ajck _bjvq _cjck _d20150616 |
||
| 942 |
_2ddc _cBOOK |
||
| 949 |
_a232 B29 _wDEWEY _c1 _i28569 _lCCODEBUL1 _mBUL _r0 _sY _tBOOK _u2015-4-21 _xTEOLOGIA _PP35 _0COMPRA _o.STAFF. Colección General |
||
| 994 |
_aC0 _bPEPRU |
||
| 596 | _a1 | ||
| 999 |
_a232 B29 _wDEWEY _c2490 _i28569 _d2490 _f2021-11-11 _g5 _lCCODEBUL1 _mBUL _q1 _r0 _sY _tBOOK _u2015-4-21 _xTEOLOGIA _PP35 _0COMPRA _o.STAFF. Colección General |
||
| 980 |
_81 _gALBERTO SANCHEZ Responsable de Automatización |
||